[Event "IECC CL1-2004.09 email"]
[Site "IECC email"]
[Date "2004.05.28"]
[Round "?"]
[White "Burkow, Natacha Michelle"]
[Black "Agulnick, Michael"]
[Result "1/2-1/2"]
[WhiteElo "2272"]
[BlackElo "2096"]
[PlyCount "39"]
[EventDate "2004.??.??"]
[EventType "tourn (corr)"]
[EventRounds "4"]
[SourceTitle "Corr 2008"]
[Source "ChessBase"]
[SourceDate "2008.06.24"]
[SourceVersion "1"]
[SourceVersionDate "2008.06.24"]
[SourceQuality "1"]

1. d4 e6 2. e4 d5 3. Nd2 c5 4. Ngf3 Nc6 5. dxc5 Bxc5 6. Bd3 Nf6 7. Qe2 0-0 8. 0-0 Qc7 9. c3 Bb6 10. Nb3 dxe4 11. Bxe4 Nxe4 12. Qxe4 e5 13. Be3 Bxe3 14. fxe3 Qe7 15. Rad1 Be6 16. h4 f6 17. h5 Rad8 18. Qh4 Rxd1 19. Rxd1 a6 20. Kf2 1/2-1/2

[Event "IECC CL1-2004.09 email"]
[Site "IECC email"]
[Date "2004.05.28"]
[Round "?"]
[White "Leisebein, Peter"]
[Black "Burkow, Natacha Michelle"]
[Result "1-0"]
[WhiteElo "2175"]
[BlackElo "2266"]
[PlyCount "29"]
[EventDate "2004.??.??"]
[EventType "tourn (corr)"]
[EventRounds "4"]
[SourceTitle "Corr 2008"]
[Source "ChessBase"]
[SourceDate "2008.06.24"]
[SourceVersion "1"]
[SourceVersionDate "2008.06.24"]
[SourceQuality "1"]

1. d4 Nf6 2. f3 d5 3. e4 dxe4 4. Nc3 a6 5. fxe4 e5 6. dxe5 Qxd1+ 7. Kxd1 Ng4 8. Nd5 Kd7 9. Nh3 Nc6 10. Be2 Ncxe5 11. Bf4 Kc6 12. c3 Bd6 13. Kc2 f6 14. Rhf1 Be6 15. Ng1 1-0